[Event "Buenos Aires ol (Men)"]
[Site "Buenos Aires"]
[Date "1978.??.??"]
[Round "?"]
[White "Schmidt, Wlodzimierz"]
[Black "Spassky, Boris V"]
[Result "1/2-1/2"]
[WhiteElo "2505"]
[BlackElo "2630"]
[PlyCount "92"]
[EventDate "1978.10.??"]
[Source "www.chesslib.no"]
[SourceDate "2004.05.04"]

1. Nf3 e6 2. c4 f5 3. g3 Nf6 4. Bg2 Be7 5. O-O O-O 6. d4 d5 7. b3 Nc6 8. Bb2 Bd7 9. Ne5 Be8 10. Nd3 Bf7 11. Nd2 a5 12. Nf3 Ne4 13. c5 Bf6 14. a3 b6 15. Rc1 Be8 16. Qc2 bxc5 17. Nxc5 Nxc5 18. Qxc5 Qb8 19. Nd2 Ra6 20. e3 Rb6 21. Rb1 Bd7 22. Rfc1 Qb7 23. Qc2 Rb8 24. Qd1 Qc8 25. Rc2 Be7 26. Rc3 Na7 27. Qc1 Bd6 28. Bf1 R8b7 29. Rc5 Nc6 30. Bc3 Qa8 31. Qc2 Rb8 32. f4 Bc8 33. Nf3 Qb7 34. Nd2 Ra8 35. Bd3 Bd7 36. g4 Bxc5 37. dxc5 Rb5 38. Bd4 Re8 39. gxf5 Nxd4 40. exd4 exf5 41. Nf3 Re4 42. Bxe4 fxe4 43. Ne5 Bf5 44. Rb2 h6 45. Qc3 Qa6 46. Qg3 Qf6 1/2-1/2

[Event "Cappelle op"]
[Site "Cappelle"]
[Date "1993.??.??"]
[Round "3"]
[White "Arkell, Keith C"]
[Black "Agdestein, Simen"]
[Result "0-1"]
[WhiteElo "2450"]
[BlackElo "2630"]
[PlyCount "58"]
[EventDate "1993.??.??"]
[Source "www.chesslib.no"]
[SourceDate "2004.05.04"]

1. d4 e6 2. c4 f5 3. g3 Nf6 4. Bg2 Be7 5. Nf3 d5 6. O-O O-O 7. b3 Nc6 8. Ne5 Bd7 9. cxd5 Nxd5 10. e4 fxe4 11. Bxe4 Nxe5 12. dxe5 Qe8 13. Bb2 Bb5 14. Bd3 Bxd3 15. Qxd3 Rd8 16. Nc3 Nf4 17. Qc2 Nh3+ 18. Kg2 Ng5 19. Ne4 Qg6 20. Rae1 Nf3 21. Re2 Qh5 22. h3 Rd5 23. Re3 Nxe5 24. Qxc7 Bd8 25. Qxb7 Bb6 26. Ree1 Nd3 27. Ba3 Qf3+ 28. Kh2 Nxe1 29. Rxe1 Qxe4 0-1

[Event "Haninge"]
[Site "Haninge"]
[Date "1988.??.??"]
[Round "?"]
[White "Sosonko, Gennadi"]
[Black "Karlsson, Lars"]
[Result "1/2-1/2"]
[WhiteElo "2535"]
[BlackElo "2510"]
[PlyCount "57"]
[EventDate "1988.05.??"]
[Source "ChessBase"]

1. d4 e6 2. c4 f5 3. g3 Nf6 4. Bg2 Be7 5. Nf3 d5 6. O-O O-O 7. b3 Nc6 8. Ba3 Nb4 9. Ne5 a5 10. Bb2 Bd7 11. a3 Nc6 12. Nxd7 Qxd7 13. Nd2 Nd8 14. Qc2 c6 15. f3 g6 16. e4 f4 17. Rfe1 Nh5 18. g4 Ng7 19. Bf1 Bh4 20. Red1 Nf7 21. Rac1 Ng5 22. Kg2 h5 23. h3 Kh7 24. Bd3 Kh6 25. Rh1 Qf7 26. e5 Ne8 27. a4 Nc7 28. Bc3 Rh8 29. c5 1/2-1/2

[Event "Bad Lauterberg"]
[Site "Bad Lauterberg"]
[Date "1991.??.??"]
[Round "?"]
[White "Knaak, Rainer"]
[Black "King, Daniel J"]
[Result "1-0"]
[WhiteElo "2535"]
[BlackElo "2505"]
[PlyCount "81"]
[EventDate "1991.11.??"]
[Source "ChessBase"]

1. d4 e6 2. c4 f5 3. g3 Nf6 4. Bg2 Be7 5. Nf3 O-O 6. O-O d5 7. b3 Bd7 8. Ne5 Be8 9. Qc2 c6 10. Ba3 Nbd7 11. Nd3 Bh5 12. Re1 Bxa3 13. Nxa3 a5 14. Qb2 Qe7 15. Nc2 b5 16. c5 g5 17. Qc1 h6 18. f3 Bg6 19. Qd2 Nh5 20. b4 f4 21. g4 Ng7 22. bxa5 e5 23. e3 Bxd3 24. Qxd3 Rxa5 25. e4 exd4 26. exd5 Qxc5 27. dxc6 Qxc6 28. Nxd4 Qd5 29. Qb3 Nb6 30. Bf1 Rfa8 31. Qxd5+ Nxd5 32. Bxb5 Nc3 33. Bc4+ Kh8 34. Nc6 Ra3 35. Ne5 Nxa2 36. Reb1 Re8 37. Nf7+ Kh7 38. Rxa2 Rxf3 39. Ra6 Rc3 40. Rxh6+ Kg8 41. Rh8# 1-0

[Event "10th TCh-Euro sen"]
[Site "Dresden GER"]
[Date "2008.02.14"]
[Round "4"]
[White "Lechtynsky, J."]
[Black "Korchnoi, V."]
[Result "1-0"]
[WhiteElo "2422"]
[BlackElo "2605"]
[PlyCount "111"]
[EventDate "2008.02.11"]
[Source "www.chesslib.no"]
[SourceDate "2004.05.04"]

1. d4 f5 2. g3 Nf6 3. Bg2 e6 4. Nf3 Be7 5. c4 O-O 6. O-O d5 7. b3 Nc6 8. Bb2 Ne4 9. e3 Bd7 10. Nc3 Be8 11. Ne2 g5 12. cxd5 exd5 13. Ne5 Qc8 14. f3 Nf6 15. g4 fxg4 16. fxg4 Bg6 17. Ng3 Qe6 18. Nf5 Bd6 19. e4 Bxe5 20. exd5 Bxh2+ 21. Kxh2 Nxd5 22. Qf3 Rad8 23. Rae1 Qd7 24. Ba3 Rf6 25. Qxd5+ Qxd5 26. Bxd5+ Rxd5 27. Ne7+ Nxe7 28. Rxf6 Nc6 29. Rf8+ Kg7 30. Rc8 Bf7 31. Bb2 Kg6 32. Rxc7 Ra5 33. a3 Rb5 34. b4 a5 35. Rf1 Bd5 36. Rf5 axb4 37. Rd7 bxa3 38. Bc3 Be6 39. Rd6 Rxf5 40. gxf5+ Kxf5 41. d5 Bxd5 42. Rxd5+ Ke4 43. Rb5 Kd3 44. Bf6 Kc4 45. Rxb7 Nb4 46. Bxg5 Nd5 47. Bc1 a2 48. Bb2 Nb4 49. Kg3 Nd3 50. Ba1 Nb4 51. Bg7 h5 52. Kh4 Nd5 53. Kxh5 Nf4+ 54. Kg4 Ne6 55. Ba1 Nc5 56. Rb2 1-0

[Event "Abel Cardona Open, Cali COL"]
[Site "?"]
[Date "2000.??.??"]
[Round "5"]
[White "Khenkin, I."]
[Black "Castro, O."]
[Result "1-0"]
[WhiteElo "2630"]
[BlackElo "2375"]
[PlyCount "61"]
[EventDate "2000.??.??"]
[Source "www.chesslib.no"]
[SourceDate "2004.05.04"]

1. d4 f5 2. g3 Nf6 3. Bg2 e6 4. c4 Be7 5. Nf3 O-O 6. O-O d5 7. b3 b6 8. Bb2 Bb7 9. Qc2 Ne4 10. Ne5 Nd7 11. Nd3 Bd6 12. Nc3 c6 13. f3 Nxc3 14. Qxc3 Qe7 15. e4 Rac8 16. Rfe1 Qf7 17. e5 Be7 18. f4 Rfd8 19. a4 c5 20. cxd5 cxd4 21. Qd2 Nc5 22. Nxc5 Bxc5 23. b4 Bxd5 24. Bxd5 Rxd5 25. Rac1 h5 26. Rc4 h4 27. Rec1 hxg3 28. hxg3 d3+ 29. bxc5 bxc5 30. Bd4 Qh5 31. Rxc5 1-0

[Event "London op"]
[Site "London"]
[Date "1986.??.??"]
[Round "9"]
[White "Van der Sterren, Paul"]
[Black "Agdestein, Simen"]
[Result "0-1"]
[WhiteElo "2470"]
[BlackElo "2535"]
[PlyCount "96"]
[EventDate "1986.??.??"]
[Source "www.chesslib.no"]
[SourceDate "2004.05.04"]

1. d4 e6 2. c4 f5 3. g3 Nf6 4. Bg2 d5 5. Nf3 Be7 6. O-O O-O 7. b3 c6 8. Bb2 b6 9. Ne5 Bd6 10. Nd2 Bb7 11. Nd3 Qe7 12. Rc1 Nbd7 13. e3 Rac8 14. Re1 Ne4 15. f3 Nxd2 16. Qxd2 Ba6 17. e4 fxe4 18. fxe4 dxc4 19. bxc4 e5 20. Bh3 Rcd8 21. d5 Nc5 22. Kg2 Kh8 23. Qe2 Nxd3 24. Qxd3 b5 25. cxb5 Bxb5 26. Qe3 Qb7 27. Be6 Rf6 28. Rc2 Rdf8 29. Ba3 Bxa3 30. Qxa3 cxd5 31. exd5 Bf1+ 32. Kg1 e4 33. Rb2 Qc7 34. Qe3 Bd3 35. Qd4 h6 36. d6 Qa5 37. Rxe4 Bxe4 38. Qxe4 Qc5+ 39. Kg2 Qxd6 40. Bc4 Qc5 41. Rb5 Qc8 42. Rb2 Re8 43. Qd4 Rd8 44. Qe4 Qc6 45. Re2 Rd2 46. Kh3 Qxe4 47. Rxe4 Kh7 48. Re8 Rff2 0-1

[Event "Corr"]
[Site "?"]
[Date "1999.??.??"]
[Round "4"]
[White "Pecot Laurent"]
[Black "Crespo Ramon Jose"]
[Result "1-0"]
[WhiteElo "2512"]
[BlackElo "2482"]
[PlyCount "99"]
[EventDate "1999.??.??"]
[Source "www.chesslib.no"]
[SourceDate "2004.05.04"]

1. d4 f5 2. Nf3 Nf6 3. g3 e6 4. Bg2 Be7 5. O-O O-O 6. c4 d5 7. b3 Bd7 8. Ba3 Be8 9. Bxe7 Qxe7 10. Qc2 c6 11. Ne5 Nbd7 12. Nxd7 Qxd7 13. Nd2 Bg6 14. Qb2 Ne4 15. Nf3 Qe7 16. Ne5 Bh5 17. f3 Nf6 18. e3 Rac8 19. c5 g5 20. b4 Nd7 21. Nxd7 Qxd7 22. f4 Qg7 23. a4 h6 24. Qd2 Be8 25. Rfb1 Rf6 26. b5 g4 27. Bf1 h5 28. a5 cxb5 29. a6 Rf7 30. Bxb5 Bxb5 31. Rxb5 bxa6 32. Rba5 Rb7 33. Rxa6 Qe7 34. Qa2 Ra8 35. e4 fxe4 36. f5 Qg7 37. Rd1 Qg5 38. Rxe6 Qe3+ 39. Qf2 Qxf2+ 40. Kxf2 Rb3 41. Re5 Rd8 42. Rc1 Rf3+ 43. Kg1 Rd3 44. c6 Rxd4 45. c7 Rc8 46. Re7 e3 47. Rd7 e2 48. Kf2 Rd1 49. Kxe2 Rxc1 50. Rd8+ 1-0

[Event "1st Integrata GM, Darmstadt GER"]
[Site "?"]
[Date "2001.??.??"]
[Round "1"]
[White "Grabarczyk, M."]
[Black "Galdunts, S."]
[Result "1/2-1/2"]
[WhiteElo "2495"]
[BlackElo "2495"]
[PlyCount "49"]
[EventDate "2001.??.??"]
[Source "www.chesslib.no"]
[SourceDate "2004.05.04"]

1. d4 f5 2. Nf3 Nf6 3. c4 e6 4. g3 d5 5. Bg2 c6 6. Qc2 Be7 7. O-O O-O 8. b3 Ne4 9. Ba3 Nd6 10. Nbd2 Nd7 11. e3 Rb8 12. Ne5 Nxe5 13. dxe5 Ne4 14. Bxe7 Qxe7 15. f4 Nxd2 16. Qxd2 b6 17. cxd5 cxd5 18. Rfc1 Ba6 19. a4 Rfc8 20. a5 Rc5 21. axb6 Rxb6 22. Rxc5 Qxc5 23. Rc1 Qf8 24. Qa5 Qb8 25. Rc3 1/2-1/2

[Event "It"]
[Site "Leposavic"]
[Date "2003.06.17"]
[Round "6"]
[White "Abramovic, Bosko"]
[Black "Radulski, Julian"]
[Result "1/2-1/2"]
[WhiteElo "2488"]
[BlackElo "2493"]
[PlyCount "68"]
[EventDate "2003.06.14"]
[Source "Roberto Alvarez"]
[SourceDate "2003.11.03"]

1. d4 d5 2. c4 e6 3. Nf3 c6 4. Qc2 f5 5. g3 Nf6 6. Bg2 Be7 7. O-O O-O 8. b3 Ne4 9. Ba3 Nd6 10. Nbd2 a5 11. Ne5 b5 12. cxb5 cxb5 13. Bc5 Bb7 14. Rfc1 Na6 15. Nd3 Rc8 16. Qb2 Re8 17. a3 Bf6 18. Nf3 Nxc5 19. Nxc5 Re7 20. Ne5 Bxe5 21. dxe5 Ne4 22. Qd4 Nxc5 23. Rxc5 Rec7 24. Rac1 Qe7 25. b4 Rxc5 26. bxc5 Bc6 27. Qc3 Qd8 28. e3 Rb8 29. Rb1 Rb7 30. Bf1 h6 31. Qd4 Qb8 32. Bd3 b4 33. Ba6 Ra7 34. Bd3 Rb7 1/2-1/2

[Event "San Martin"]
[Site "San Martin"]
[Date "1995.??.??"]
[Round "3"]
[White "Sorokin, Maxim"]
[Black "Soppe, Guillermo"]
[Result "1/2-1/2"]
[WhiteElo "2535"]
[BlackElo "2445"]
[PlyCount "56"]
[EventDate "1995.03.??"]
[Source "ChessBase"]

1. d4 f5 2. g3 Nf6 3. Bg2 e6 4. c4 c6 5. Qc2 Be7 6. Nf3 O-O 7. O-O d5 8. b3 Bd7 9. Nbd2 Be8 10. Ne5 Nbd7 11. Nd3 Rc8 12. c5 g5 13. Nf3 h6 14. b4 Bg6 15. a4 Bh7 16. Bxg5 hxg5 17. Nxg5 Qe8 18. Nxe6 Rf7 19. Ng5 Rg7 20. Nxh7 Nxh7 21. Nf4 Qf7 22. b5 Bg5 23. e3 Bxf4 24. exf4 Nhf8 25. Rab1 Ne6 26. bxc6 bxc6 27. Qd3 Kh8 28. Rfe1 Qf6 1/2-1/2

[Event "CCCA"]
[Site "?"]
[Date "1996.07.15"]
[Round "?"]
[White "Zlender Boris"]
[Black "Kozlowicz Alejandro Antonio ("]
[Result "1-0"]
[WhiteElo "2440"]
[BlackElo "2515"]
[PlyCount "63"]
[EventDate "1996.??.??"]
[Source "www.chesslib.no"]
[SourceDate "2004.05.04"]

1. d4 f5 2. Nf3 Nf6 3. g3 e6 4. Bg2 Be7 5. c4 d5 6. O-O O-O 7. b3 c6 8. Bb2 b6 9. Nbd2 Bb7 10. Ne5 Nbd7 11. Nd3 Ne4 12. Nf4 Rf6 13. Nxe4 fxe4 14. f3 exf3 15. exf3 Bd6 16. Nd3 dxc4 17. bxc4 Qc7 18. f4 Rd8 19. Re1 Rh6 20. Qg4 Rg6 21. Qf3 Ba6 22. Rac1 c5 23. d5 exd5 24. Qxd5+ Kh8 25. Qf7 Nf6 26. Qxc7 Bxc7 27. Re7 Rxd3 28. Rxc7 Rd2 29. Rxa7 Rxb2 30. Ra8+ Ng8 31. Bd5 h6 32. Re1 1-0

[Event "Cappelle la Grande FRA"]
[Site "?"]
[Date "1998.??.??"]
[Round "8"]
[White "Hegde Ravi Gopal"]
[Black "Fridman Daniel"]
[Result "0-1"]
[WhiteElo "2420"]
[BlackElo "2520"]
[PlyCount "90"]
[EventDate "1998.??.??"]
[Source "www.chesslib.no"]
[SourceDate "2004.05.04"]

1. d4 d5 2. c4 e6 3. Nf3 c6 4. Qc2 f5 5. g3 Nf6 6. Bg2 Be7 7. O-O O-O 8. b3 b6 9. Ba3 Bxa3 10. Nxa3 Qe7 11. Qb2 Nbd7 12. Rac1 Bb7 13. b4 Rab8 14. Nb1 c5 15. a3 dxc4 16. Rxc4 b5 17. Rc2 Be4 18. dxc5 Bxc2 19. Qxc2 a6 20. Qb3 Kh8 21. Nd4 Rbe8 22. Nc3 Nb8 23. a4 bxa4 24. Nxa4 g6 25. Nb6 a5 26. Rc1 axb4 27. c6 Na6 28. Qa4 Nc7 29. Nd7 Rf7 30. Qa5 Nfd5 31. Bxd5 Nxd5 32. Nb5 Rg7 33. Qa1 h5 34. Qe5 Rc8 35. e4 Nc3 36. Rf1 Nb1 37. Nd6 Re8 38. Nf8 Qb7 39. Nxe6 f4 40. Qb2 b3 41. Re1 Nc3 42. gxf4 Qb6 43. Nb5 Rb8 44. Nec7 Qd4 45. e5 Qc4 0-1

[Event "Bonn Staudte Memorial"]
[Site "Bonn"]
[Date "1979.08.??"]
[Round "1"]
[White "Sahovic, Dragutin"]
[Black "Bohm, Hans"]
[Result "1/2-1/2"]
[WhiteElo "2520"]
[BlackElo "2410"]
[PlyCount "75"]
[EventDate "1979.??.??"]
[Source "www.chesslib.no"]
[SourceDate "2004.05.04"]

1. d4 f5 2. Nf3 Nf6 3. g3 e6 4. Bg2 d5 5. c4 c6 6. O-O Be7 7. b3 O-O 8. Bb2 Bd7 9. Nbd2 Be8 10. Qc2 Ne4 11. Ne5 Nd7 12. Nxd7 Qxd7 13. Nf3 Bd6 14. c5 Bc7 15. Ne5 Qe7 16. f3 Bxe5 17. fxe4 Bf6 18. e5 Bg5 19. Bc1 Bh5 20. Bxg5 Qxg5 21. Qd3 h6 22. e3 Qe7 23. b4 a6 24. a4 g5 25. b5 axb5 26. axb5 Rxa1 27. Rxa1 cxb5 28. Qxb5 Be8 29. Qe2 Bc6 30. Qd2 Qg7 31. h3 h5 32. Kh2 Qh6 33. Bf3 h4 34. g4 f4 35. exf4 Rxf4 36. Ra8+ Kg7 37. Bg2 Qg6 38. Qa5 1/2-1/2

[Event "DSV-Turnier"]
[Site "Leipzig"]
[Date "1975.??.??"]
[Round "11"]
[White "Farago, Ivan"]
[Black "Moehring, Guenther"]
[Result "1-0"]
[WhiteElo "2460"]
[BlackElo "2450"]
[PlyCount "81"]
[EventDate "1975.11.22"]
[Source "ChessBase"]

1. d4 f5 2. g3 Nf6 3. Bg2 e6 4. Nf3 Be7 5. O-O O-O 6. b3 d5 7. c4 c6 8. Bb2 b6 9. Ne5 Bb7 10. Nd2 Nbd7 11. Nd3 Bd6 12. b4 c5 13. bxc5 bxc5 14. Nb3 dxc4 15. Bxb7 Rb8 16. dxc5 Rxb7 17. cxd6 cxb3 18. axb3 Nd5 19. e4 fxe4 20. Qg4 N5f6 21. Qxe6+ Kh8 22. Bxf6 Qxf6 23. Qxe4 Rxb3 24. Qd5 Rb6 25. Rxa7 Rxd6 26. Qe4 Rd4 27. Qe3 Rd6 28. Nf4 Ne5 29. Nh5 Qf5 30. Nf4 g5 31. Re1 gxf4 32. Qxe5+ Qxe5 33. Rxe5 f3 34. h4 Rd1+ 35. Kh2 Rd2 36. Rh5 Rxf2+ 37. Kh3 Re8 38. Raxh7+ Kg8 39. Rh8+ Kf7 40. R5h7+ Kg6 41. h5+ 1-0

[Event "White Knights"]
[Site "Leningrad"]
[Date "1984.??.??"]
[Round "?"]
[White "Rivas Pastor, Manuel"]
[Black "Pytel, Krzysztof"]
[Result "1/2-1/2"]
[WhiteElo "2500"]
[BlackElo "2410"]
[PlyCount "83"]
[EventDate "1984.06.??"]
[Source "ChessBase"]

1. d4 e6 2. c4 f5 3. Nf3 Nf6 4. g3 Be7 5. Bg2 O-O 6. O-O d5 7. b3 c6 8. Qc2 Bd7 9. Ne5 Be8 10. Bb2 Nbd7 11. Nd3 Bd6 12. Ba3 Qe7 13. Bxd6 Qxd6 14. Nd2 Bh5 15. Nf3 Kh8 16. Rac1 Ne4 17. Nfe5 g5 18. f3 Nef6 19. e3 a5 20. Qb2 Qe7 21. a3 Rfc8 22. e4 fxe4 23. fxe4 dxe4 24. Nxd7 Nxd7 25. Bxe4 Qg7 26. Ne5 Nf6 27. Bg2 Rf8 28. Rf2 Kg8 29. Rcf1 Ng4 30. Nxg4 Bxg4 31. Rxf8+ Rxf8 32. Rxf8+ Kxf8 33. Qd2 Ke8 34. Qe3 Qe7 35. c5 Qf6 36. Qe5 Qxe5 37. dxe5 Bd1 38. b4 axb4 39. axb4 Bb3 40. Be4 h6 41. Kf2 Bd5 42. Bd3 1/2-1/2

[Event "RUS-Cup"]
[Site "?"]
[Date "1999.??.??"]
[Round "4"]
[White "Burmakin Vladimir"]
[Black "Pres Grigorij"]
[Result "1-0"]
[WhiteElo "2534"]
[BlackElo "2352"]
[PlyCount "77"]
[EventDate "1999.??.??"]
[Source "www.chesslib.no"]
[SourceDate "2004.05.04"]

1. d4 e6 2. c4 f5 3. g3 Nf6 4. Bg2 Be7 5. Nf3 O-O 6. O-O d5 7. b3 Nc6 8. Bb2 Bd7 9. Ne5 Be8 10. Nxc6 Bxc6 11. Nd2 Be8 12. Nf3 c6 13. Qc2 Nd7 14. Ne1 Bd6 15. Nd3 Qf6 16. f3 Qh6 17. Rae1 Nf6 18. Bc1 Qh5 19. Bf4 Bxf4 20. Nxf4 Qf7 21. e4 Nh5 22. Nxh5 Qxh5 23. exd5 exd5 24. cxd5 cxd5 25. f4 Bc6 26. Qc5 Rad8 27. Re5 Rfe8 28. Rfe1 Rxe5 29. dxe5 Qe8 30. e6 b6 31. Qb4 h6 32. Qc3 Rd6 33. Qe5 Qe7 34. Qxf5 Rd8 35. Rc1 Rd6 36. Bh3 d4 37. Bg2 Bd7 38. Bd5 Bc8 39. Rxc8+ 1-0

[Event "Cannes"]
[Site "Cannes"]
[Date "1986.??.??"]
[Round "6"]
[White "Miralles, Gilles"]
[Black "Ivkov, Borislav"]
[Result "1/2-1/2"]
[WhiteElo "2360"]
[BlackElo "2525"]
[PlyCount "28"]
[EventDate "1986.02.??"]
[Source "ChessBase"]

1. d4 e6 2. Nf3 f5 3. g3 Nf6 4. Bg2 Be7 5. O-O O-O 6. c4 d5 7. b3 c6 8. Qc2 Bd7 9. Bb2 Be8 10. Ne5 Nbd7 11. Nd3 Bh5 12. Nf4 Bf7 13. Nd2 g5 14. Nd3 Bg6 1/2-1/2

[Event "Costa del Sol"]
[Site "?"]
[Date "1986.??.??"]
[Round "3"]
[White "Illescas"]
[Black "Zichichi, A."]
[Result "1-0"]
[WhiteElo "2465"]
[BlackElo "2405"]
[PlyCount "76"]
[EventDate "1986.??.??"]
[Source "www.chesslib.no"]
[SourceDate "2004.05.04"]

1. d4 d5 2. c4 e6 3. Nf3 c6 4. Qc2 f5 5. g3 Nf6 6. Bg2 Be7 7. O-O O-O 8. b3 Ne4 9. Bb2 b6 10. Ne5 Bb7 11. f3 Nd6 12. Nc3 Nd7 13. e4 Rc8 14. Nd3 Ne8 15. Nf4 Nc7 16. exf5 exf5 17. cxd5 cxd5 18. Rfe1 Bf6 19. Qf2 Re8 20. Bf1 Nf8 21. Nb5 Qd7 22. Nxc7 Rxc7 23. Nd3 Rxe1 24. Rxe1 Qc8 25. Nf4 Bg5 26. Nd3 Ba6 27. f4 Bf6 28. Qf3 Bb7 29. Nb4 Ne6 30. Nxd5 Bxd4+ 31. Bxd4 Nxd4 32. Qe3 Bxd5 33. Qxd4 Rd7 34. Bb5 Rd8 35. Rd1 Qc2 36. Rd2 Qc1+ 37. Bf1 Rd7 38. Qe3 Kf7 1-0

[Event "SWE-chT 0102"]
[Site "?"]
[Date "2001.10.14"]
[Round "3"]
[White "Aaberg Anton"]
[Black "Karlsson Lars"]
[Result "1-0"]
[WhiteElo "2388"]
[BlackElo "2478"]
[PlyCount "97"]
[EventDate "2001.??.??"]
[Source "www.chesslib.no"]
[SourceDate "2004.05.04"]

1. d4 f5 2. c4 e6 3. g3 Nf6 4. Bg2 Be7 5. Nf3 d5 6. O-O O-O 7. b3 Nc6 8. Bb2 Bd7 9. Nc3 Ne4 10. cxd5 Nxc3 11. Bxc3 exd5 12. Ne1 Be6 13. Nd3 a5 14. Nf4 Qd7 15. Qd3 Nd8 16. h4 c6 17. a4 Bd6 18. Qd2 Bc7 19. Qc1 Nf7 20. Bd2 Bb6 21. Qb2 Qe7 22. Nd3 Qf6 23. Be3 Rfe8 24. Ne5 Nxe5 25. dxe5 Qd8 26. Bxb6 Qxb6 27. Kh2 d4 28. Rab1 c5 29. f4 Ra6 30. Qc2 Qb4 31. g4 Rf8 32. Rbc1 fxg4 33. f5 Bxb3 34. Qxc5 Qd2 35. Rb1 Bf7 36. e6 Bh5 37. Rxb7 Qe3 38. Qc7 Qh6 39. Qe5 g3+ 40. Qxg3 Bxe2 41. Rc1 Bd3 42. e7 Re8 43. Rb8 Kf7 44. Bd5+ Kf6 45. Re1 Qd2+ 46. Bg2 Qxe1 47. Qg5+ Ke5 48. Rxe8 h6 49. Rd8 1-0

[Event "Moscow4"]
[Site "Moscow"]
[Date "1991.??.??"]
[Round "?"]
[White "Naumkin, Igor"]
[Black "Gusev, Yuri S"]
[Result "1-0"]
[WhiteElo "2505"]
[BlackElo "2360"]
[PlyCount "75"]
[EventDate "1991.??.??"]
[Source "www.chesslib.no"]
[SourceDate "2004.05.04"]

1. d4 e6 2. c4 f5 3. g3 Nf6 4. Bg2 d5 5. Nf3 Be7 6. O-O O-O 7. b3 c6 8. Bb2 b6 9. Nbd2 Bb7 10. Ne5 Nbd7 11. Nd3 Bd6 12. e3 Qe7 13. Qe2 Rac8 14. Rac1 g5 15. Nf3 g4 16. Nfe5 Ne4 17. Nf4 Ng5 18. h3 gxh3 19. Nxh3 Nxh3+ 20. Bxh3 Bxe5 21. dxe5 dxc4 22. Qxc4 b5 23. Qe2 Nb6 24. Rfd1 Nd5 25. e4 fxe4 26. Qg4+ Kh8 27. Qxe6 Qg7 28. Qg4 e3 29. Qxg7+ Kxg7 30. fxe3 Rce8 31. e4 Nb6 32. Bd7 Kg6 33. Rd6+ Kg5 34. Bxe8 Rxe8 35. Rf1 Kg4 36. Kh2 c5 37. Rf4+ Kh5 38. Rh4+ 1-0

[Event "Hallsberg op J32"]
[Site "Hallsberg"]
[Date "1997.??.??"]
[Round "5"]
[White "Kelly, Brian"]
[Black "Karlsson, Lars"]
[Result "1/2-1/2"]
[WhiteElo "2395"]
[BlackElo "2470"]
[PlyCount "28"]
[EventDate "1997.??.??"]
[Source "www.chesslib.no"]
[SourceDate "2004.05.04"]

1. Nf3 e6 2. c4 f5 3. g3 Nf6 4. Bg2 d5 5. O-O Be7 6. b3 O-O 7. d4 Nc6 8. Ba3 Nb4 9. Bb2 a5 10. Ne5 Bd7 11. Nd2 Be8 12. Ndf3 Ne4 13. a3 Nc6 14. Qc2 Nxe5 1/2-1/2

[Event "Rohde op"]
[Site "Sautron"]
[Date "2001.10.28"]
[Round "2"]
[White "Rahman, Taibur"]
[Black "Goloshchapov, Alexander"]
[Result "0-1"]
[WhiteElo "2308"]
[BlackElo "2550"]
[PlyCount "78"]
[EventDate "2001.10.27"]
[Source "ChessBase"]
[SourceDate "2002.01.21"]

1. d4 e6 2. c4 f5 3. g3 Nf6 4. Bg2 Be7 5. Nf3 O-O 6. O-O d5 7. b3 b6 8. Qc2 Ne4 9. Ne5 Bb7 10. Ba3 c5 11. dxc5 bxc5 12. Nd2 Na6 13. Rad1 Qc7 14. Nd3 Bd6 15. e3 Rac8 16. Nf4 Qe7 17. cxd5 Nb4 18. Bxb4 cxb4 19. Qd3 Rc3 20. Qb5 Rc5 21. Qd3 Rc3 22. Qb5 Rc5 23. Qd3 Bxf4 24. exf4 exd5 25. Qd4 a5 26. Rfe1 Qc7 27. Nxe4 fxe4 28. f3 Rc2 29. Rd2 Rxd2 30. Qxd2 Qc3 31. Qe2 Ba6 32. Qf2 exf3 33. Bxf3 d4 34. Re7 d3 35. Rd7 Bc8 36. Rd6 Bh3 37. Bd5+ Kh8 38. Bg2 Qc1+ 39. Qf1 Qc5+ 0-1

[Event "Biel Open"]
[Site "Biel SUI"]
[Date "1981.??.??"]
[Round "?"]
[White "Meduna, Eduard"]
[Black "Enklaar, Bertus F"]
[Result "1-0"]
[WhiteElo "2450"]
[BlackElo "2405"]
[PlyCount "61"]
[EventDate "1981.??.??"]
[Source "www.chesslib.no"]
[SourceDate "2004.05.04"]

1. d4 e6 2. c4 f5 3. g3 Nf6 4. Bg2 Be7 5. Nf3 d5 6. O-O O-O 7. b3 c6 8. Ne5 Bd7 9. Bb2 Be8 10. Nd2 Nbd7 11. Nd3 Bh5 12. Nf4 Bf7 13. f3 g5 14. Nd3 Bg6 15. e3 f4 16. e4 fxg3 17. hxg3 Qc7 18. g4 dxe4 19. fxe4 Nxe4 20. Nxe4 Bxe4 21. Qe2 Nf6 22. Rxf6 Bxf6 23. Qxe4 Rae8 24. Rf1 Qd6 25. Qe3 h6 26. Nc5 Qe7 27. Qe4 e5 28. Qg6+ Bg7 29. Rxf8+ Kxf8 30. Ba3 Kg8 31. Ne4 1-0

[Event "Magistral las Dunas op 5th"]
[Site "?"]
[Date "2001.??.??"]
[Round "6"]
[White "Valiente Cristobal"]
[Black "Peralta Fernando"]
[Result "1/2-1/2"]
[WhiteElo "2373"]
[BlackElo "2472"]
[PlyCount "24"]
[EventDate "2001.??.??"]
[Source "www.chesslib.no"]
[SourceDate "2004.05.04"]

1. c4 f5 2. Nf3 Nf6 3. g3 e6 4. Bg2 Be7 5. d4 c6 6. O-O O-O 7. Qc2 d5 8. b3 Ne4 9. Bb2 Nd7 10. Nbd2 Qe8 11. Ne5 Nxe5 12. dxe5 Nxd2 1/2-1/2

[Event "CRO Team Ch"]
[Site "Pula CRO"]
[Date "1992.??.??"]
[Round "1"]
[White "Jukic, Mirko"]
[Black "Samovojska, Damir"]
[Result "1-0"]
[WhiteElo "2455"]
[BlackElo "2385"]
[PlyCount "78"]
[EventDate "1992.??.??"]
[Source "www.chesslib.no"]
[SourceDate "2004.05.04"]

1. d4 d5 2. Nf3 e6 3. c4 f5 4. g3 Nf6 5. Bg2 Be7 6. O-O O-O 7. b3 a5 8. Ba3 Ne4 9. Bxe7 Qxe7 10. Qc2 Nc6 11. a3 Bd7 12. Nc3 Nxc3 13. Qxc3 Be8 14. e3 Bf7 15. Rfc1 Rfc8 16. Ne1 Nd8 17. Nd3 c6 18. c5 Bh5 19. f3 Ra7 20. Re1 Qf6 21. e4 fxe4 22. fxe4 Qh6 23. Nf4 Bf7 24. exd5 cxd5 25. b4 g5 26. Nd3 axb4 27. axb4 Rca8 28. Rxa7 Rxa7 29. b5 Be8 30. Qb2 Ra5 31. b6 Bb5 32. Ne5 Nc6 33. Nxc6 Bxc6 34. Qe2 Bd7 35. Qe5 Ra8 36. h3 Qg7 37. Qxg7+ Kxg7 38. Bxd5 Kf7 39. Bxb7 Ra4 1-0

[Event "Trnava"]
[Site "Trnava"]
[Date "1983.??.??"]
[Round "?"]
[White "Schmidt, Wlodzimierz"]
[Black "Ruckschloss, Karol"]
[Result "1-0"]
[WhiteElo "2450"]
[BlackElo "2385"]
[PlyCount "129"]
[EventDate "1983.03.??"]
[Source "ChessBase"]

1. d4 f5 2. Nf3 Nf6 3. g3 d5 4. Bg2 e6 5. O-O Be7 6. c4 O-O 7. Qc2 c6 8. b3 b5 9. c5 Bd7 10. Ne5 a5 11. a3 Be8 12. Nd2 Ra7 13. Ndf3 Nh5 14. Nd3 Nd7 15. Nfe5 Nxe5 16. dxe5 g5 17. f3 Bg6 18. Bb2 f4 19. g4 Ng7 20. Bd4 h5 21. h3 Kf7 22. Rad1 Ra8 23. Qc1 Ke8 24. e3 Kd7 25. Rf2 Rf7 26. Bf1 Qf8 27. exf4 gxf4 28. Rg2 a4 29. b4 hxg4 30. hxg4 Bg5 31. Rh2 Qe7 32. Rh3 Rg8 33. Rd2 Nf5 34. gxf5 Bxf5 35. Rhh2 Bh4+ 36. Rdg2 Bg3 37. Nxf4 Bxh2+ 38. Kxh2 Qh4+ 39. Kg1 Rh8 40. Be3 Qh1+ 41. Kf2 Rhf8 42. Rg3 Qh4 43. Ng2 Qh2 44. Bh6 Rh8 45. Rg7 Ke8 46. Bf4 Qh1 47. Rxf7 Kxf7 48. Bg3 Qh5 49. Qf4 Ke8 50. Qh4 Qh6 51. Qxh6 Rxh6 52. Nh4 Bc2 53. f4 d4 54. Bg2 Kd7 55. Nf3 d3 56. Ke3 Bb3 57. Nd4 Bd5 58. Bxd5 cxd5 59. Be1 Rh3+ 60. Kd2 Rh1 61. Nxb5 Rf1 62. Nd4 Rxf4 63. c6+ Ke7 64. Kxd3 Re4 65. Bc3 1-0

[Event "Orense Open"]
[Site "Orense"]
[Date "1995.??.??"]
[Round "6"]
[White "Matamoros Franco, Carlos S"]
[Black "Minzer, Claudio Javier"]
[Result "1/2-1/2"]
[WhiteElo "2430"]
[BlackElo "2385"]
[PlyCount "35"]
[EventDate "1995.??.??"]
[Source "www.chesslib.no"]
[SourceDate "2004.05.04"]

1. d4 e6 2. Nf3 f5 3. g3 Nf6 4. Bg2 Be7 5. O-O O-O 6. c4 d5 7. b3 Bd7 8. Ba3 Be8 9. Qc1 Nc6 10. Bxe7 Qxe7 11. Nbd2 Bh5 12. Qb2 Rad8 13. e3 Ne4 14. a3 g5 15. b4 Qg7 16. cxd5 exd5 17. b5 Na5 18. Nxe4 1/2-1/2